| 000 | 01684cam a2200433 a 4500 | ||
|---|---|---|---|
| 001 | 2619011 | ||
| 003 | OSt | ||
| 005 | 20221216142807.0 | ||
| 008 | 981022s1999 caua 001 0 eng d | ||
| 010 | _a 98088911 | ||
| 020 | _a0782141528 | ||
| 035 | _a(OCoLC)40888990 | ||
| 040 |
_aAzM _cAzM _dDLC |
||
| 042 | _alccopycat | ||
| 050 | 0 | 0 | _aQA76.3.L35 |
| 082 | 0 | 0 |
_a004.6/2 _221 |
| 100 | 1 |
_aLammle, Todd. _9866 |
|
| 245 | 1 | 0 |
_aCCNP : support study guide. / _cTodd Lammle |
| 246 | 3 | _aCisco certified network professional support study guide | |
| 250 | _a2nd ed. | ||
| 260 |
_aLondon: _bSYBEX Inc, _c2000. |
||
| 300 |
_axix, 751 p. : _bill. ; _c24 cm. + _e1 computer laser optical disc (4 3/4 in.)- Missing |
||
| 440 | 0 |
_aCisco certification series _9867 |
|
| 500 | _a"Exam 640-606." | ||
| 504 | _aIncludes index. | ||
| 505 | _aContents: Troubleshooting methodology -- Protocol attributes -- | ||
| 650 | 0 |
_aElectronic data processing personnel _xCertification. _9868 |
|
| 650 | 0 |
_aSoftware configuration management _xExaminations _vStudy guides. _9869 |
|
| 650 | 0 |
_aInternetworking (Telecommunication) _xExaminations _vStudy guides. _9870 |
|
| 700 | 1 |
_aLammle, Todd _9866 |
|
| 710 | 2 |
_aCisco Systems, Inc. _9871 |
|
| 856 | 4 | 2 |
_3Publisher description _uhttp://www.loc.gov/catdir/enhancements/fy0602/98088911-d.html |
| 906 |
_a7 _bcbc _ccopycat _d2 _eopcn _f19 _gy-gencatlg |
||
| 942 |
_2lcc _cBK |
||
| 999 |
_c9360 _d16860 |
||